000 00764nam a2200217 i 4500
001 141778
003 ES-MaACL
005 20250630032908.0
007 t|
008 070927s1981 sp ||||1| spa d
110 2 _aGrupo de Estudios de Historial Rural.
_94513
245 1 3 _aEl vino
_b: 1874-1907 : dificultades para reconstruir la serie de sus cotizaciones /
_cGrupo de Estudios de Historia Rural.
260 _a[Madrid :
_bBanco de España, Servicio de Estudios,
_c1981]
300 _a69 p. ;
_c24 cm.
490 1 _aEstudios de historia económica
650 1 4 _aVinos.
_917810
710 2 0 _aBanco de España
_92104
830 0 _aEstudios de historia económica
_9179607
852 _aES-MaACL
_jL-1462
_bR.102379
999 _c141778
_d141778